000 00296nam a22001097a 4500
999 _c13625
_d13625
082 _a954.503
100 _aپروفیسر سیتارام کوہلی
245 _aمہاراجہ رنجیت سنگھ
260 _aلاہور
_bفکشن ہاؤس
_c٢٠٠٢
300 _a٢٣٢ صفحات
942 _cBK